Statistiken für Länder, die Liberia am nächsten liegen - Einminütiger Sprint

Klicken Sie hier um das Quiz zu spielen!

Allgemein

  • Dieses Quiz wurde 25 mal gespielt
  • Das Durchschnittsergebnis liegt bei 14 aus 20

Antwortstatistiken

kmLand% Korrekt
469Ghana
96%
1203Niger
96%
0Côte d'Ivoire
91%
281Mali
91%
1118Nigeria
91%
0Sierra Leone
91%
0Guinea
87%
721Mauretanien
87%
450Burkina Faso
83%
519Guinea-Bissau
83%
1778Kamerun
78%
886Togo
78%
452Senegal
74%
997Benin
70%
665Gambia
70%
1620São Tomé und Príncipe
48%
1811Algerien
43%
1574Cabo Verde
35%
1773Äquatorial-Guinea
26%
1458Westsahara
22%

Verteilung der Resultate

Perzentil nach korrekt beantworteten Fragen

Anzahl Personen mit jedem Resultat

Ihre Resultats-Entwicklung

Sie haben dieses Quiz noch nicht gespielt